Statistics for dfc

Click here to take the quiz!

General Stats

  • This quiz has been taken 8 times
  • The average score is 31 of 58

Answer Stats

Answer% Correct
Christina
100%
dressing
100%
enchilada
100%
George
100%
green
100%
Hariot
100%
hello
100%
hello
100%
house
100%
im
100%
im
100%
im
100%
im
100%
sauce
100%
the
100%
the
100%
the
100%
the
100%
the
100%
a
50%
a
50%
and
50%
care
50%
clementine
50%
disgusting
50%
dont
50%
fat
50%
guys
50%
ill
50%
it
50%
its
50%
milk
50%
no
50%
of
50%
oh
50%
oh
50%
one
50%
reduced
50%
richie
50%
take
50%
this
50%
were
50%
worry
50%
bag
0%
chips
0%
food crew
0%
going
0%
good
0%
hey
0%
hi
0%
horror
0%
hows
0%
is
0%
of
0%
perfectly
0%
potato
0%
*screams*
0%
this
0%

Score Distribution

Percentile by Number Answered

Percent of People with Each Score

Your Score History

You have not taken this quiz